Wykaz polskich bibliografii nie opublikowanych (planowanych, opracowywanych i ukończonych)

Bibliographic Details
Main Author: Przybysz, Marzena (Compiler)
Corporate Author: Biblioteka Narodowa (Poľsko) (Author, vyd)
Other Authors: Urbańska, Danuta (Compiler)
Format: Book
Language:Polish
PhysicalDescription:282 s. 21 cm
Published: Warszawa Biblioteka Narodowa 1997
ISBN:837009211X
ISSN:0860-2921
Edition:7. wyd.
Series:Prace Instytutu Bibliograficznego
Subjects:

MARC

LEADER 00000nam a2200000 a 4500
001 vtls001299004
003 SK-MaSNL
005 20260331203301.0
008 251113s1997 PL 0 pol
020 |a 837009211X  |c [85,00] 
035 |a SNK000250957 
040 |a SNK  |b slo  |c SNK  |e AACR2 
044 |a PL 
080 |a 015(438):016  |2 1981 
100 1 |a Przybysz, Marzena  |4 zos  |9 473012 
245 1 0 |a Wykaz polskich bibliografii nie opublikowanych (planowanych, opracowywanych i ukończonych)  |c opracowały Marzena Przybysz, Danuta Urbańska 
250 |a 7. wyd. 
260 |a Warszawa  |b Biblioteka Narodowa  |c 1997 
300 |a 282 s.  |c 21 cm 
490 1 |a Prace Instytutu Bibliograficznego  |x 0860-2921  |v nr 31 
650 0 7 |a bibliografie poľské  |x súpisy  |2 SNK  |9 682279 
700 1 |a Urbańska, Danuta  |4 zos  |9 682280 
710 2 |a Biblioteka Narodowa (Poľsko)  |4 aut  |4 vyd  |9 34772 
830 0 |a Prace Instytutu Bibliograficznego  |9 293336 
919 |a 83-7009-211-X 
999 |c 1058733  |d 1060663 
952 |t P60, <04>, [BOOK], {604}  |a SNK  |b SNK  |y VYP  |7 0  |p 17A0088171  |o snkIC 126815  |i snkV 2166/97  |0 0  |1 0  |4 0  |d 1997-08-13  |l 0  |r 2005-01-02 00:00:00  |w 2026-02-24